000 00341nam a2200133Ia 4500
008 100328s9999 xx 000 0 und d
082 _b57297
100 _aभावे राम
245 _aहवा हवाई
260 _bपुष्प
630 _aहवा हवाई
730 _aहवा हवाई
942 _cBOOK
999 _c543759
_d543756